|
|
|
|
| LEADER |
00000nam0a2200000 4500 |
| 001 |
279472 |
| 005 |
20231101235219.0 |
| 020 |
|
|
|a RU
|b 85-74087
|
| 035 |
|
|
|a (RuTPU)RU\TPU\book\302751
|
| 090 |
|
|
|a 279472
|
| 100 |
|
|
|a 20141219d1985 k y0rusy5003 ca
|
| 101 |
0 |
|
|a rus
|
| 102 |
|
|
|a RU
|
| 105 |
|
|
|a a z 001zy
|
| 200 |
1 |
|
|a Теория и методы исследования систем автоматического управления нестационарными объектами
|e тематический сборник научных трудов
|f Московский авиационный институт (государственный технический университет) ; под ред. Ф. А. Михайлова
|
| 210 |
|
|
|a Москва
|c Изд-во МАИ
|d 1985
|
| 215 |
|
|
|a 71 с.
|c ил.
|
| 606 |
1 |
|
|a Авиационная электроавтоматика
|2 stltpush
|3 (RuTPU)RU\TPU\subj\140
|9 29167
|
| 610 |
1 |
|
|a авиация
|
| 610 |
1 |
|
|a нестационарные объекты
|
| 610 |
1 |
|
|a автоматическое управление
|
| 610 |
1 |
|
|a самолеты
|
| 610 |
1 |
|
|a номограммы
|
| 610 |
1 |
|
|a логическое управление
|
| 610 |
1 |
|
|a прогнозирование
|
| 610 |
1 |
|
|a неустойчивые объекты
|
| 610 |
1 |
|
|a устойчивость
|
| 610 |
1 |
|
|a многосвязные объекты
|
| 610 |
1 |
|
|a научные статьи
|
| 675 |
|
|
|a 629.73.05-52
|v 3
|
| 702 |
|
1 |
|a Михайлов
|b Ф. А.
|g Федор Андреевич
|4 340
|
| 712 |
0 |
2 |
|a Московский авиационный институт (государственный технический университет)
|2 stltpush
|3 (RuTPU)RU\TPU\col\21617
|
| 801 |
|
0 |
|a RU
|b RuMRKP
|c 19950704
|g psbo
|
| 801 |
|
1 |
|a RU
|b 63413507
|c 20141219
|
| 801 |
|
2 |
|a RU
|b 63413507
|c 20160530
|g RCR
|
| 942 |
|
|
|c BK
|